| 000 | 01030nam a2200289 i 4500 | ||
|---|---|---|---|
| 001 | 15767 | ||
| 003 | DO-SdUEMH | ||
| 005 | 20260211160854.0 | ||
| 007 | ta | ||
| 008 | 211105s2004||||dr a|||gr|||| 0|| | spa d | ||
| 040 |
_aDO-SdUEMH _bspa _erda |
||
| 041 | _aspa | ||
| 082 | 1 | 4 |
_aRD 353.627 C758M _mRD _bG156 |
| 084 | _b08-00694 | ||
| 100 | 1 |
_aGaliano, Socorro _eaut |
|
| 245 | 0 |
_aConstruyendo Municipios por la Salud y el Desarrollo: _bexperiencia y resultados / _cSocorro Galiano |
|
| 260 | _c2004 | ||
| 264 | 1 |
_aSanto Domingo, República Dominicana : _bSerrallés, S. A., _c2004 |
|
| 264 | 4 | _c©2004 | |
| 300 |
_a74 páginas : _bilustraciones ; _c21 cm. |
||
| 336 |
_2rdacontent _atexto _btxt |
||
| 337 |
_2rdamedia _asin mediación _bn |
||
| 338 |
_2rdacarrier _avolumen _bnc |
||
| 505 | 2 | _aAntecedentes -- Objetivos -- Programa de Actividades -- Desarrollo del Proceso -- Resultados Alcanzados y Dificultades Presentadas -- Lecciones Aprendidas -- Productos Obtenidos -- Perspectivas. | |
| 942 |
_2ddc _cBK _n0 |
||
| 999 |
_c15767 _d15767 |
||